Statistics for Japanese Gods

Click here to take the quiz!

General Stats

  • This quiz has been taken 47 times
  • The average score is 3 of 8

Answer Stats

HintAnswer% Correct
Goddess of the sun and universeAmaterasu
92%
Younger brother of aboveSusanoo
68%
God of fishermanYebisu
34%
Often appear together, lightning and wind (two gods)Raijin and Fujin
29%
God of fertilityInari
24%
Goddess of flowBenzaiten
21%
Guardian of ChildrenJizo
8%
Goddess of mercyKannon
8%

Score Distribution

Percentile by Number Answered

Percent of People with Each Score

Your Score History

You have not taken this quiz